Oeuvres /

Guardado en:
Autor Principal: Poincaré, Henri, 1854-1912.
Formato: Libro
Idioma:French
Publicado: [Paris] : Jacques Gabay, c1995-c2005.
Series:Les grands classiques Gauthier-Villars,
Materias:
Etiquetas: Agregar Etiqueta
Sin Etiquetas, Sea el primero en etiquetar este registro!
LEADER 02599cam a2200553 a 4500
001 MAT.inmabb006510
008 980729r19951916fr#ac####b####001#0#fre##
005 20110705172736.0
245 1 0 |a Oeuvres /  |c Henri Poincaré. 
260 |a [Paris] :  |b Jacques Gabay,  |c c1995-c2005. 
300 |a 11 v. :  |b il., retr. ;  |c 25 cm. 
440 4 |a Les grands classiques Gauthier-Villars,  |x 0989-0602 
500 |a Reimpresión autorizada de: Oeuvres de Henri Poincaré. Paris : Gauthier-Villars, 1916-1956. 
504 |a Incluye referencias bibliográficas. 
505 0 |a t. 1. Équations différentielles -- t. 2. Fonctions fuchsiennes -- t. 3. Équations différentielles ; Théorie des fonctions -- t. 4. Théorie des fonctions -- t. 5. Algèbre ; Arithmétique -- t. 6. Géométrie ; Analysis situs (Topologie) -- t. 7. Masses fluides en rotation ; Principes de mécanique analytique ; Problème des trois corps -- t. 8. Mécanique céleste ; Astronomie -- t. 9. Physique mathématique -- t. 10. Physique mathématique -- t. 11. Mémoirs divers ; Le livre du Centenaire. 
510 4 |a MR,  |c 97c:01053  |3 (t. 2) 
510 4 |a MR,  |c 97c:01054  |3 (t. 7) 
510 4 |a MR,  |c 98m:01041  |3 (t. 6) 
020 |a 287647171X (t. 1) 
020 |a 2876471728 (t. 2) 
020 |a 2876471736 (t. 3) 
020 |a 2876471744 (t. 4) 
020 |a 2876471752 (t. 5) 
020 |a 2876471760 (t. 6) 
020 |a 2876471779 (t. 7) 
020 |a 2876471787 (t. 8) 
020 |a 2876471795 (t. 9) 
020 |a 2876471809 (t. 10) 
020 |a 2876471817 (t. 11) 
100 1 |a Poincaré, Henri,  |d 1854-1912. 
240 1 0 |a Obras.  |f 1995 
700 1 |a Poincaré, Henri,  |d 1854-1912.  |t Oeuvres de Henri Poincaré. 
740 0 2 |a Livre du centenaire de la naissance de Henri Poincaré, 1854-1954. 
650 0 |a Mathematics. 
650 0 |a Mechanics, Analytic. 
084 |a 01A75  |2 msc2000 
010 |a  98176198  
040 |a DLC  |c DLC  |d DLC 
859 |h 01A75  |i P751  |p A-8716  |v 1  |3 t. 1  |b BIB. MATEMATICA 
859 |h 01A75  |i P751  |p A-8717  |v 2  |3 t. 2  |b BIB. MATEMATICA 
859 |h 01A75  |i P751  |p A-8718  |v 3  |3 t. 3  |b BIB. MATEMATICA 
859 |h 01A75  |i P751  |p A-8719  |v 4  |3 t. 4  |b BIB. MATEMATICA 
859 |h 01A75  |i P751  |p A-8720  |v 5  |3 t. 5  |b BIB. MATEMATICA 
859 |h 01A75  |i P751  |p A-8721  |v 6  |3 t. 6  |b BIB. MATEMATICA 
859 |h 01A75  |i P751  |p A-8722  |v 7  |3 t. 7  |b BIB. MATEMATICA 
859 |h 01A75  |i P751  |p A-8723  |v 8  |3 t. 8  |b BIB. MATEMATICA 
859 |h 01A75  |i P751  |p A-8724  |v 9  |3 t. 9  |b BIB. MATEMATICA 
859 |h 01A75  |i P751  |p A-8725  |v 10  |3 t. 10  |b BIB. MATEMATICA 
859 |h 01A75  |i P751  |p A-8726  |v 11  |3 t. 11  |b BIB. MATEMATICA